000 00605nam a2200205Ia 4500
005 20250508165727.0
008 008 250505s9999 xx 000 0 eng d
020 _a978-93-5007-283-7
037 _aTextual
040 _aFEDL
_beng
_cFEDL
041 _aeng
_2eng
084 _a370, NCE
_qFEDL
245 0 _aBasics in education: Textbook for B. Ed. course
245 0 _cNCERT (Delhi India)
260 _aNew Delhi, India
_bNational Council of Educational Research and Training
_c2014
300 _a269p.
365 _aINR
_b22
942 _cTEXL
_h370, NCE
999 _c1397078
_d1397078